00338cam a22001097a 4500008004000000082001700040100002800057245006000085260002800145300001400173650004100187180718b1989 xxu||||| |||| 00| 0 eng d aT2x5451 M969 aMurthy, Bevv Narasiamha aEnterpreneurship in small townscBevv Narasiamha Murthy aNew DelhibMittalc1989 axvii, 260 aEntrepreneur - India- Andhra Pradesh